{"text_format":"3","workbook":"xlsx","n_sheets":1,"sheets":["Предмет"],"not_rendered":{"defined_names":9},"read":"whole","date_system":"1900"}

{"sheet":"Предмет","index":0,"n_rows":238,"n_cols":15,"rows_kept":238,"merged":[[0,0,0,14]]}
["МАОУ \"СОШ №34 с уиоп\"                                                                                                                                             Результаты ШЭ ВСОШ по биологии 7-8.10.2025г."]
["№","Фамилия","Имя","Отчество","Пол","Дата рождения","Участник с ОВЗ","Класс","Класс участия","Балл","Макс. Балл","Статус","Призер МЭ прошлого года","Учитель","Место работы учителя"]
[1,2,3,4,5,6,7,8,9,10,11,12,13,14,15]
[1,"Аблизин","Егор","Владимирович","М","2014-06-02","нет",5,5,"17.8",25,null,"нет","Валиева Ирина Владимировна","Муниципальное автономное общеобразовательное учреждение \"Средняя общеобразовательная школа №34 с углубленным изучением отдельных предметов\""]
[2,"Аксёнов","Булат","Иванович","м","2014-09-04","нет",5,5,"15.4",25,null,"нет","Валиева Ирина Владимировна","Муниципальное автономное общеобразовательное учреждение \"Средняя общеобразовательная школа №34 с углубленным изучением отдельных предметов\""]
[3,"Афанасьев","Герман","Витальевич","М","2014-06-22","нет",5,5,"20.8",25,"призер","нет","Валиева Ирина Владимировна","Муниципальное автономное общеобразовательное учреждение \"Средняя общеобразовательная школа №34 с углубленным изучением отдельных предметов\""]
[4,"Баглаева","Милана","Артемовна","Ж","2014-03-05","нет",5,5,"20.6",25,null,"нет","Валиева Ирина Владимировна","Муниципальное автономное общеобразовательное учреждение \"Средняя общеобразовательная школа №34 с углубленным изучением отдельных предметов\""]
[5,"Березка","Роман","Матвеевич","М","2014-08-28","нет",5,5,"13.5",25,null,"нет","Валиева Ирина Владимировна","Муниципальное автономное общеобразовательное учреждение \"Средняя общеобразовательная школа №34 с углубленным изучением отдельных предметов\""]
[6,"Валиев","Эмиль","Маратович","М","2014-08-17","нет",5,5,"23.3",25,"победитель","нет","Валиева Ирина Владимировна","Муниципальное автономное общеобразовательное учреждение \"Средняя общеобразовательная школа №34 с углубленным изучением отдельных предметов\""]
[7,"Валитова","Камилла","Ленаровна","Ж","2014-12-23","нет",5,5,"16.0",25,null,"нет","Валиева Ирина Владимировна","Муниципальное автономное общеобразовательное учреждение \"Средняя общеобразовательная школа №34 с углубленным изучением отдельных предметов\""]
[8,"Васикова","Диана","Марселевна","д","2014-02-15","нет",5,5,"17.0",25,null,"нет","Валиева Ирина Владимировна","Муниципальное автономное общеобразовательное учреждение \"Средняя общеобразовательная школа №34 с углубленным изучением отдельных предметов\""]
[9,"Галиев","Реналь","Альбертович","м","2013-12-29","нет",5,5,"18.8",25,null,"нет","Валиева Ирина Владимировна","Муниципальное автономное общеобразовательное учреждение \"Средняя общеобразовательная школа №34 с углубленным изучением отдельных предметов\""]
[10,"Галиханов","Раид","Вадимович","М","2014-09-03","нет",5,5,"18.8",25,null,"нет","Валиева Ирина Владимировна","Муниципальное автономное общеобразовательное учреждение \"Средняя общеобразовательная школа №34 с углубленным изучением отдельных предметов\""]
[11,"Глазов","Богдан","Дмитриевич","м","2013-11-25","нет",5,5,"14.1",25,null,"нет","Валиева Ирина Владимировна","Муниципальное автономное общеобразовательное учреждение \"Средняя общеобразовательная школа №34 с углубленным изучением отдельных предметов\""]
[12,"Димова","Дарья","Евгеньевна","Ж","2014-11-25","нет",5,5,"16.8",25,null,"нет","Валиева Ирина Владимировна","Муниципальное автономное общеобразовательное учреждение \"Средняя общеобразовательная школа №34 с углубленным изучением отдельных предметов\""]
[13,"Дмитриев","Арсений","Сергеевич","М","2014-02-17","нет",5,5,"14.8",25,null,"нет","Валиева Ирина Владимировна","Муниципальное автономное общеобразовательное учреждение \"Средняя общеобразовательная школа №34 с углубленным изучением отдельных предметов\""]
[14,"Дмитриев","Давид","Денисович","М","2014-05-09","нет",5,5,"14.4",25,null,"нет","Валиева Ирина Владимировна","Муниципальное автономное общеобразовательное учреждение \"Средняя общеобразовательная школа №34 с углубленным изучением отдельных предметов\""]
[15,"Долгова","Азалия","Николаевна","д","2014-02-27","нет",5,5,"17.6",25,null,"нет","Валиева Ирина Владимировна","Муниципальное автономное общеобразовательное учреждение \"Средняя общеобразовательная школа №34 с углубленным изучением отдельных предметов\""]
[16,"Зайцев","Павел","Алексеевич","М","2014-01-06","нет",5,5,"13.8",25,null,"нет","Валиева Ирина Владимировна","Муниципальное автономное общеобразовательное учреждение \"Средняя общеобразовательная школа №34 с углубленным изучением отдельных предметов\""]
[17,"Закиров","Данис","Ильнарович","М","2014-01-19","нет",5,5,"18.8",25,null,"нет","Валиева Ирина Владимировна","Муниципальное автономное общеобразовательное учреждение \"Средняя общеобразовательная школа №34 с углубленным изучением отдельных предметов\""]
[18,"Иванов","Кирилл","Алексеевич","М","2013-12-15","нет",5,5,"20.6",25,null,"нет","Валиева Ирина Владимировна","Муниципальное автономное общеобразовательное учреждение \"Средняя общеобразовательная школа №34 с углубленным изучением отдельных предметов\""]
[19,"Ильюшкин","Владислав","Ильич","М","2014-08-28","нет",5,5,"21.6",25,"призер","нет","Валиева Ирина Владимировна","Муниципальное автономное общеобразовательное учреждение \"Средняя общеобразовательная школа №34 с углубленным изучением отдельных предметов\""]
[20,"Карабут","Диана","Александровна","Ж","2014-08-01","нет",5,5,"19.8",25,null,"нет","Валиева Ирина Владимировна","Муниципальное автономное общеобразовательное учреждение \"Средняя общеобразовательная школа №34 с углубленным изучением отдельных предметов\""]
[21,"Китанова","Анастасия","Андреевна","Ж","2014-06-15","нет",5,5,"15.0",25,null,"нет","Валиева Ирина Владимировна","Муниципальное автономное общеобразовательное учреждение \"Средняя общеобразовательная школа №34 с углубленным изучением отдельных предметов\""]
[22,"Козлов","Егор","Ильич","м","2013-11-20","нет",5,5,"17.0",25,null,"нет","Валиева Ирина Владимировна","Муниципальное автономное общеобразовательное учреждение \"Средняя общеобразовательная школа №34 с углубленным изучением отдельных предметов\""]
[23,"Кольчиенко","Эмилия","Константиновна","Ж","2014-07-24","нет",5,5,"19.8",25,null,"нет","Валиева Ирина Владимировна","Муниципальное автономное общеобразовательное учреждение \"Средняя общеобразовательная школа №34 с углубленным изучением отдельных предметов\""]
[24,"Коростелёва","Юлиана","Руслановна","д","2014-08-20","нет",5,5,"18.3",25,null,"нет","Валиева Ирина Владимировна","Муниципальное автономное общеобразовательное учреждение \"Средняя общеобразовательная школа №34 с углубленным изучением отдельных предметов\""]
[25,"Купцов","Макар","Алексеевич","м","2014-03-16","нет",5,5,"16.6",25,null,"нет","Валиева Ирина Владимировна","Муниципальное автономное общеобразовательное учреждение \"Средняя общеобразовательная школа №34 с углубленным изучением отдельных предметов\""]
[26,"Миронов","Мирон","Валерьевич","М","2013-11-22","нет",5,5,"17.8",25,null,"нет","Валиева Ирина Владимировна","Муниципальное автономное общеобразовательное учреждение \"Средняя общеобразовательная школа №34 с углубленным изучением отдельных предметов\""]
[27,"Михайлов","Илья","Артемович","М","2014-11-14","нет",5,5,"15.0",25,null,"нет","Валиева Ирина Владимировна","Муниципальное автономное общеобразовательное учреждение \"Средняя общеобразовательная школа №34 с углубленным изучением отдельных предметов\""]
[28,"Назарова","Елизавета","Витальевна","Ж","2014-05-21","нет",5,5,"16.0",25,null,"нет","Валиева Ирина Владимировна","Муниципальное автономное общеобразовательное учреждение \"Средняя общеобразовательная школа №34 с углубленным изучением отдельных предметов\""]
[29,"Нигматуллина","Валерия","Руслановна","Ж","2014-02-03","нет",5,5,"13.5",25,null,"нет","Валиева Ирина Владимировна","Муниципальное автономное общеобразовательное учреждение \"Средняя общеобразовательная школа №34 с углубленным изучением отдельных предметов\""]
[30,"Нуриев","Артур","Салаватович","м","2014-07-14","нет",5,5,"18.6",25,null,"нет","Валиева Ирина Владимировна","Муниципальное автономное общеобразовательное учреждение \"Средняя общеобразовательная школа №34 с углубленным изучением отдельных предметов\""]
[31,"Орел","Дмитрий","Александрович","М","2014-11-17","нет",5,5,"15.5",25,null,"нет","Валиева Ирина Владимировна","Муниципальное автономное общеобразовательное учреждение \"Средняя общеобразовательная школа №34 с углубленным изучением отдельных предметов\""]
[32,"Разин","Данил","Александрович","М","2014-02-04","нет",5,5,"19.6",25,null,"нет","Валиева Ирина Владимировна","Муниципальное автономное общеобразовательное учреждение \"Средняя общеобразовательная школа №34 с углубленным изучением отдельных предметов\""]
[33,"Рыбаков","Александр","Игоревич","М","2013-05-06","нет",5,5,"20.0",25,null,"нет","Валиева Ирина Владимировна","Муниципальное автономное общеобразовательное учреждение \"Средняя общеобразовательная школа №34 с углубленным изучением отдельных предметов\""]
[34,"Рыжкова","Варвара","Евгеньевна","Ж","2014-06-05","нет",5,5,"13.8",25,null,"нет","Валиева Ирина Владимировна","Муниципальное автономное общеобразовательное учреждение \"Средняя общеобразовательная школа №34 с углубленным изучением отдельных предметов\""]
[35,"Спиридонов","Тимофей","Владимирович","М","2014-09-12","нет",5,5,"13.8",25,null,"нет","Валиева Ирина Владимировна","Муниципальное автономное общеобразовательное учреждение \"Средняя общеобразовательная школа №34 с углубленным изучением отдельных предметов\""]
[36,"Султанова","Арина","Витальевна","Ж","2014-06-02","нет",5,5,"20.6",25,null,"нет","Валиева Ирина Владимировна","Муниципальное автономное общеобразовательное учреждение \"Средняя общеобразовательная школа №34 с углубленным изучением отдельных предметов\""]
[37,"Утеева","Валерия","Антоновна","Ж","2014-03-06","нет",5,5,"14.8",25,null,"нет","Валиева Ирина Владимировна","Муниципальное автономное общеобразовательное учреждение \"Средняя общеобразовательная школа №34 с углубленным изучением отдельных предметов\""]
[38,"Ухин","Семён","Павлович","М","2014-05-21","нет",5,5,"13.5",25,null,"нет","Валиева Ирина Владимировна","Муниципальное автономное общеобразовательное учреждение \"Средняя общеобразовательная школа №34 с углубленным изучением отдельных предметов\""]
[39,"Федосеева","Валерия","Евгеньевна","Ж","2014-01-14","нет",5,5,"18.0",25,null,"нет","Валиева Ирина Владимировна","Муниципальное автономное общеобразовательное учреждение \"Средняя общеобразовательная школа №34 с углубленным изучением отдельных предметов\""]
[40,"Хаймулин","Богдан","Федорович","М","2014-12-22","нет",5,5,"16.8",25,null,"нет","Валиева Ирина Владимировна","Муниципальное автономное общеобразовательное учреждение \"Средняя общеобразовательная школа №34 с углубленным изучением отдельных предметов\""]
[41,"Халиуллина","Рамина","Рамилевна","Ж","2013-11-04","нет",5,5,"16.3",25,null,"нет","Валиева Ирина Владимировна","Муниципальное автономное общеобразовательное учреждение \"Средняя общеобразовательная школа №34 с углубленным изучением отдельных предметов\""]
[42,"Харченко","Дарья","Александровна","Ж","2013-12-25","нет",5,5,"13.4",25,null,"нет","Валиева Ирина Владимировна","Муниципальное автономное общеобразовательное учреждение \"Средняя общеобразовательная школа №34 с углубленным изучением отдельных предметов\""]
[43,"Хасаншин","Альмир","Алмазович","М","2014-08-29","нет",5,5,"19.6",25,null,"нет","Валиева Ирина Владимировна","Муниципальное автономное общеобразовательное учреждение \"Средняя общеобразовательная школа №34 с углубленным изучением отдельных предметов\""]
[44,"Хуснуллин","Амир","Алмазович","М","2014-09-29","нет",5,5,"18.1",25,null,"нет","Валиева Ирина Владимировна","Муниципальное автономное общеобразовательное учреждение \"Средняя общеобразовательная школа №34 с углубленным изучением отдельных предметов\""]
[45,"Шакиров","Тагир","Рустемович","М","2014-07-29","нет",5,5,"17.8",25,null,"нет","Валиева Ирина Владимировна","Муниципальное автономное общеобразовательное учреждение \"Средняя общеобразовательная школа №34 с углубленным изучением отдельных предметов\""]
[46,"Шамсов","Арсений","Рамилевич","М","2013-10-11","нет",5,5,"14.5",25,null,"нет","Валиева Ирина Владимировна","Муниципальное автономное общеобразовательное учреждение \"Средняя общеобразовательная школа №34 с углубленным изучением отдельных предметов\""]
[47,"Амирова","Эвелина","Тимуровна","ж","2013-03-17","нет",6,6,"13.5",25,null,"нет","Валиева Ирина Владимировна","Муниципальное автономное общеобразовательное учреждение \"Средняя общеобразовательная школа №34 с углубленным изучением отдельных предметов\""]
[48,"Белов","Семен","Станиславович","муж","2013-04-03","нет",6,6,"13.1",25,null,"нет","Валиева Ирина Владимировна","Муниципальное автономное общеобразовательное учреждение \"Средняя общеобразовательная школа №34 с углубленным изучением отдельных предметов\""]
[49,"Бикмаева","Эмилия","Маратовна","ж","2013-10-13","нет",6,6,"13.4",25,null,"нет","Валиева Ирина Владимировна","Муниципальное автономное общеобразовательное учреждение \"Средняя общеобразовательная школа №34 с углубленным изучением отдельных предметов\""]
[50,"Валиахметов","Рауль","Робертович","м","2013-01-08","нет",6,6,"15.8",25,null,"нет","Валиева Ирина Владимировна","Муниципальное автономное общеобразовательное учреждение \"Средняя общеобразовательная школа №34 с углубленным изучением отдельных предметов\""]
[51,"Волченкова","Полина","Владимировна","Ж","2012-11-24","нет",6,6,"14.0",25,null,"нет","Валиева Ирина Владимировна","Муниципальное автономное общеобразовательное учреждение \"Средняя общеобразовательная школа №34 с углубленным изучением отдельных предметов\""]
[52,"Газизуллина","Арина","Рустемовна","ж","2013-07-11","нет",6,6,"16.6",25,null,"нет","Валиева Ирина Владимировна","Муниципальное автономное общеобразовательное учреждение \"Средняя общеобразовательная школа №34 с углубленным изучением отдельных предметов\""]
[53,"Гарипова","Карина","Ирековна","ж","2013-11-25","нет",6,6,"17.6",25,null,"нет","Валиева Ирина Владимировна","Муниципальное автономное общеобразовательное учреждение \"Средняя общеобразовательная школа №34 с углубленным изучением отдельных предметов\""]
[54,"Гилязов","Тимур","Ильнарович","м","2013-05-23","нет",6,6,"19.1",25,null,"нет","Валиева Ирина Владимировна","Муниципальное автономное общеобразовательное учреждение \"Средняя общеобразовательная школа №34 с углубленным изучением отдельных предметов\""]
[55,"Головко","Семён","Викторович","м","2013-02-26","нет",6,6,"18.0",25,null,"нет","Валиева Ирина Владимировна","Муниципальное автономное общеобразовательное учреждение \"Средняя общеобразовательная школа №34 с углубленным изучением отдельных предметов\""]
[56,"Грачёв","Александр","Александрович","м","2012-03-28","нет",6,6,"18.8",25,null,"нет","Валиева Ирина Владимировна","Муниципальное автономное общеобразовательное учреждение \"Средняя общеобразовательная школа №34 с углубленным изучением отдельных предметов\""]
[57,"Ефремова","Дарья","Евгеньевна","ж","2013-01-21","нет",6,6,"17.0",25,null,"нет","Валиева Ирина Владимировна","Муниципальное автономное общеобразовательное учреждение \"Средняя общеобразовательная школа №34 с углубленным изучением отдельных предметов\""]
[58,"Загидуллин","Тимур","Фанирович","м","2013-05-27","нет",6,6,"18.8",25,null,"нет","Валиева Ирина Владимировна","Муниципальное автономное общеобразовательное учреждение \"Средняя общеобразовательная школа №34 с углубленным изучением отдельных предметов\""]
[59,"Ионов","Данил","Викторович","м","2013-04-30","нет",6,6,"20.3",25,null,"нет","Валиева Ирина Владимировна","Муниципальное автономное общеобразовательное учреждение \"Средняя общеобразовательная школа №34 с углубленным изучением отдельных предметов\""]
[60,"Исаев","Данил","Сергеевич","м","2013-03-21","нет",6,6,"15.4",25,null,"нет","Валиева Ирина Владимировна","Муниципальное автономное общеобразовательное учреждение \"Средняя общеобразовательная школа №34 с углубленным изучением отдельных предметов\""]
[61,"Каверина","Кира","Александровна","Ж","2012-12-03","нет",6,6,"16.0",25,null,"нет","Валиева Ирина Владимировна","Муниципальное автономное общеобразовательное учреждение \"Средняя общеобразовательная школа №34 с углубленным изучением отдельных предметов\""]
[62,"Канунников","Павел","Дмитриевич","м","2013-09-04","нет",6,6,"20.3",25,null,"нет","Валиева Ирина Владимировна","Муниципальное автономное общеобразовательное учреждение \"Средняя общеобразовательная школа №34 с углубленным изучением отдельных предметов\""]
[63,"Киров","Илья","Викторович","М","2013-06-27","нет",6,6,"19.3",25,null,"нет","Валиева Ирина Владимировна","Муниципальное автономное общеобразовательное учреждение \"Средняя общеобразовательная школа №34 с углубленным изучением отдельных предметов\""]
[64,"Колычев","Артём","Евгеньевич","м","2012-12-05","нет",6,6,"15.4",25,null,"нет","Валиева Ирина Владимировна","Муниципальное автономное общеобразовательное учреждение \"Средняя общеобразовательная школа №34 с углубленным изучением отдельных предметов\""]
[65,"Кондратьев","Мурат","Рамилевич","м","2013-04-06","нет",6,6,"18.8",25,null,"нет","Валиева Ирина Владимировна","Муниципальное автономное общеобразовательное учреждение \"Средняя общеобразовательная школа №34 с углубленным изучением отдельных предметов\""]
[66,"Корнилов","Илья","Романович","ж","2013-09-02","нет",6,6,"15.1",25,null,"нет","Валиева Ирина Владимировна","Муниципальное автономное общеобразовательное учреждение \"Средняя общеобразовательная школа №34 с углубленным изучением отдельных предметов\""]
[67,"Красноперов","Максим","Дмитриевич","м","2013-05-14","нет",6,6,"13.4",25,null,"нет","Валиева Ирина Владимировна","Муниципальное автономное общеобразовательное учреждение \"Средняя общеобразовательная школа №34 с углубленным изучением отдельных предметов\""]
[68,"Кузнецова","Дарья","Вадимовна","ж","2013-06-04","нет",6,6,"16.8",25,null,"нет","Валиева Ирина Владимировна","Муниципальное автономное общеобразовательное учреждение \"Средняя общеобразовательная школа №34 с углубленным изучением отдельных предметов\""]
[69,"Ланская","Екатерина","Антоновна","жен","2012-12-17","нет",6,6,"15.1",25,null,"нет","Валиева Ирина Владимировна","Муниципальное автономное общеобразовательное учреждение \"Средняя общеобразовательная школа №34 с углубленным изучением отдельных предметов\""]
[70,"Мамедова","Ева","Рустемовна","ж","2013-01-12","нет",6,6,"13.1",25,null,"нет","Валиева Ирина Владимировна","Муниципальное автономное общеобразовательное учреждение \"Средняя общеобразовательная школа №34 с углубленным изучением отдельных предметов\""]
[71,"Маркелова","Самира","Максимовна","ж","2013-05-27","нет",6,6,"15.1",25,null,"нет","Валиева Ирина Владимировна","Муниципальное автономное общеобразовательное учреждение \"Средняя общеобразовательная школа №34 с углубленным изучением отдельных предметов\""]
[72,"Марков","Роман","Евгеньевич","м","2013-04-07","нет",6,6,"18.6",25,null,"нет","Валиева Ирина Владимировна","Муниципальное автономное общеобразовательное учреждение \"Средняя общеобразовательная школа №34 с углубленным изучением отдельных предметов\""]
[73,"Масеев","Марсель","Ильнарович","м","2013-04-19","нет",6,6,"18.6",25,null,"нет","Валиева Ирина Владимировна","Муниципальное автономное общеобразовательное учреждение \"Средняя общеобразовательная школа №34 с углубленным изучением отдельных предметов\""]
[74,"Мингазова","Айсель","Ильгизовна","ж","2013-04-16","нет",6,6,"14.8",25,null,"нет","Валиева Ирина Владимировна","Муниципальное автономное общеобразовательное учреждение \"Средняя общеобразовательная школа №34 с углубленным изучением отдельных предметов\""]
[75,"Москвитина","Алиса","Геннадьевна","жен","2013-05-29","нет",6,6,"14.4",25,null,"нет","Валиева Ирина Владимировна","Муниципальное автономное общеобразовательное учреждение \"Средняя общеобразовательная школа №34 с углубленным изучением отдельных предметов\""]
[76,"Мусин","Динар","Русланович","м","2013-01-23","нет",6,6,"19.0",25,null,"нет","Валиева Ирина Владимировна","Муниципальное автономное общеобразовательное учреждение \"Средняя общеобразовательная школа №34 с углубленным изучением отдельных предметов\""]
[77,"Мусина","Адиля","Ленаровна","ж","2012-11-04","нет",6,6,"17.8",25,null,"нет","Валиева Ирина Владимировна","Муниципальное автономное общеобразовательное учреждение \"Средняя общеобразовательная школа №34 с углубленным изучением отдельных предметов\""]
[78,"Низамиев","Аскар","Русланович","м","2012-12-03","нет",6,6,"13.5",25,null,"нет","Валиева Ирина Владимировна","Муниципальное автономное общеобразовательное учреждение \"Средняя общеобразовательная школа №34 с углубленным изучением отдельных предметов\""]
[79,"Низамова","Замиля","Рамилевна","ж","2013-10-22","нет",6,6,"20.8",25,null,"нет","Валиева Ирина Владимировна","Муниципальное автономное общеобразовательное учреждение \"Средняя общеобразовательная школа №34 с углубленным изучением отдельных предметов\""]
[80,"Перова","Алена","Евгеньевна","ж","2013-06-03","нет",6,6,"21.3",25,"победитель","нет","Валиева Ирина Владимировна","Муниципальное автономное общеобразовательное учреждение \"Средняя общеобразовательная школа №34 с углубленным изучением отдельных предметов\""]
[81,"Петрова","Анна","Игоревна","ж","2013-10-21","нет",6,6,"18.3",25,null,"нет","Валиева Ирина Владимировна","Муниципальное автономное общеобразовательное учреждение \"Средняя общеобразовательная школа №34 с углубленным изучением отдельных предметов\""]
[82,"Помазкина","Элюза","Эдуардовна","ж","2013-10-26","нет",6,6,"14.8",25,null,"нет","Валиева Ирина Владимировна","Муниципальное автономное общеобразовательное учреждение \"Средняя общеобразовательная школа №34 с углубленным изучением отдельных предметов\""]
[83,"Рафагутдинов","Рамир","Русланович","муж","2013-05-29","нет",6,6,"13.1",25,null,"нет","Валиева Ирина Владимировна","Муниципальное автономное общеобразовательное учреждение \"Средняя общеобразовательная школа №34 с углубленным изучением отдельных предметов\""]
[84,"Садыков","Ильдар","Булатович","м","2013-04-17","нет",6,6,"21.0",25,"призер","нет","Валиева Ирина Владимировна","Муниципальное автономное общеобразовательное учреждение \"Средняя общеобразовательная школа №34 с углубленным изучением отдельных предметов\""]
[85,"Салахова","Арина","Маратовна","ж","2013-07-15","нет",6,6,"18.6",25,null,"нет","Валиева Ирина Владимировна","Муниципальное автономное общеобразовательное учреждение \"Средняя общеобразовательная школа №34 с углубленным изучением отдельных предметов\""]
[86,"Салтыкова","Дарья","Алексеевна","ж","2013-07-03","нет",6,6,"20.3",25,null,"нет","Валиева Ирина Владимировна","Муниципальное автономное общеобразовательное учреждение \"Средняя общеобразовательная школа №34 с углубленным изучением отдельных предметов\""]
[87,"Самигуллина","Альмира","Артуровна","жен","2013-05-05","нет",6,6,"13.0",25,null,"нет","Валиева Ирина Владимировна","Муниципальное автономное общеобразовательное учреждение \"Средняя общеобразовательная школа №34 с углубленным изучением отдельных предметов\""]
[88,"Сараев","Артём","Дмитриевич","м","2013-03-11","нет",6,6,"14.5",25,null,"нет","Валиева Ирина Владимировна","Муниципальное автономное общеобразовательное учреждение \"Средняя общеобразовательная школа №34 с углубленным изучением отдельных предметов\""]
[89,"Сираев","Айрат","Русланович","м","2013-01-06","нет",6,6,"14.0",25,null,"нет","Валиева Ирина Владимировна","Муниципальное автономное общеобразовательное учреждение \"Средняя общеобразовательная школа №34 с углубленным изучением отдельных предметов\""]
[90,"Совкова","София","Сергеевна","ж","2012-11-27","нет",6,6,"17.0",25,null,"нет","Валиева Ирина Владимировна","Муниципальное автономное общеобразовательное учреждение \"Средняя общеобразовательная школа №34 с углубленным изучением отдельных предметов\""]
[91,"Стюфеев","Илья","Радикович","м","2013-01-11","нет",6,6,"16.6",25,null,"нет","Валиева Ирина Владимировна","Муниципальное автономное общеобразовательное учреждение \"Средняя общеобразовательная школа №34 с углубленным изучением отдельных предметов\""]
[92,"Сухочева","Анастасия","Сергеевна","ж","2014-07-17","нет",6,6,"18.3",25,null,"нет","Валиева Ирина Владимировна","Муниципальное автономное общеобразовательное учреждение \"Средняя общеобразовательная школа №34 с углубленным изучением отдельных предметов\""]
[93,"Сысоева","Микаэла","Сергеевна","ж","2013-11-01","нет",6,6,"20.0",25,null,"нет","Валиева Ирина Владимировна","Муниципальное автономное общеобразовательное учреждение \"Средняя общеобразовательная школа №34 с углубленным изучением отдельных предметов\""]
[94,"Тарасова","Елизавета","Ивановна","Ж","2013-09-06","нет",6,6,"20.1",25,null,"нет","Валиева Ирина Владимировна","Муниципальное автономное общеобразовательное учреждение \"Средняя общеобразовательная школа №34 с углубленным изучением отдельных предметов\""]
[95,"Титова","Ульяна","Антоновна","ж","2013-08-05","нет",6,6,"14.4",25,null,"нет","Валиева Ирина Владимировна","Муниципальное автономное общеобразовательное учреждение \"Средняя общеобразовательная школа №34 с углубленным изучением отдельных предметов\""]
[96,"Тухватуллина","Самира","Эльвировна","жен","2013-08-24","нет",6,6,"13.4",25,null,"нет","Валиева Ирина Владимировна","Муниципальное автономное общеобразовательное учреждение \"Средняя общеобразовательная школа №34 с углубленным изучением отдельных предметов\""]
[97,"Уразова","Диляра","Дамировна","ж","2013-02-05","нет",6,6,"16.3",25,null,"нет","Валиева Ирина Владимировна","Муниципальное автономное общеобразовательное учреждение \"Средняя общеобразовательная школа №34 с углубленным изучением отдельных предметов\""]
[98,"Фархутдинов","Амир","Рустамович","м","2013-03-05","нет",6,6,"18.1",25,null,"нет","Валиева Ирина Владимировна","Муниципальное автономное общеобразовательное учреждение \"Средняя общеобразовательная школа №34 с углубленным изучением отдельных предметов\""]
[99,"Франк","Дарья","Андреевна","Ж","2013-06-28","нет",6,6,"20.8",25,null,"нет","Валиева Ирина Владимировна","Муниципальное автономное общеобразовательное учреждение \"Средняя общеобразовательная школа №34 с углубленным изучением отдельных предметов\""]
[100,"Фролова","Валерия","Александровна","ж","2013-05-12","нет",6,6,"14.1",25,null,"нет","Валиева Ирина Владимировна","Муниципальное автономное общеобразовательное учреждение \"Средняя общеобразовательная школа №34 с углубленным изучением отдельных предметов\""]
[101,"Хазиева","Ралина","Рамилевна","жен","2013-01-17","нет",6,6,"15.1",25,null,"нет","Валиева Ирина Владимировна","Муниципальное автономное общеобразовательное учреждение \"Средняя общеобразовательная школа №34 с углубленным изучением отдельных предметов\""]
[102,"Халиуллина","Алсу","Фанилевна","ж","2013-11-03","нет",6,6,"18.6",25,null,"нет","Валиева Ирина Владимировна","Муниципальное автономное общеобразовательное учреждение \"Средняя общеобразовательная школа №34 с углубленным изучением отдельных предметов\""]
[103,"Ханнанов","Амир","Айнурович","м","2013-01-28","нет",6,6,"18.8",25,null,"нет","Валиева Ирина Владимировна","Муниципальное автономное общеобразовательное учреждение \"Средняя общеобразовательная школа №34 с углубленным изучением отдельных предметов\""]
[104,"Харисов","Рамиль","Марселевич","м","2013-05-13","нет",6,6,"18.6",25,null,"нет","Валиева Ирина Владимировна","Муниципальное автономное общеобразовательное учреждение \"Средняя общеобразовательная школа №34 с углубленным изучением отдельных предметов\""]
[105,"Хисамутдинов","Малик","Ильдарович","м","2013-04-13","нет",6,6,"16.0",25,null,"нет","Валиева Ирина Владимировна","Муниципальное автономное общеобразовательное учреждение \"Средняя общеобразовательная школа №34 с углубленным изучением отдельных предметов\""]
[106,"Чугунов","Иван","Алексеевич","м","2013-11-30","нет",6,6,"20.8",25,"призер","нет","Валиева Ирина Владимировна","Муниципальное автономное общеобразовательное учреждение \"Средняя общеобразовательная школа №34 с углубленным изучением отдельных предметов\""]
[107,"Шайхутдинова","Марьям","Ирековна","ж","2013-08-28","нет",6,6,"15.5",25,null,"нет","Валиева Ирина Владимировна","Муниципальное автономное общеобразовательное учреждение \"Средняя общеобразовательная школа №34 с углубленным изучением отдельных предметов\""]
[108,"Ярсанов","Александр","Павлович","м","2013-05-26","нет",6,6,"13.8",25,null,"нет","Валиева Ирина Владимировна","Муниципальное автономное общеобразовательное учреждение \"Средняя общеобразовательная школа №34 с углубленным изучением отдельных предметов\""]
[109,"Зиатдинова","Самира","Айратовна","ж","2012-11-23","нет",6,6,"18.3",25,null,"нет","Валиева Ирина Владимировна","Муниципальное автономное общеобразовательное учреждение \"Средняя общеобразовательная школа №34 с углубленным изучением отдельных предметов\""]
[110,"Абакумова","Василиса","Романовна","ж","2012-03-23","нет",7,7,"14.4",30,null,"нет","Валиева Ирина Владимировна","Муниципальное автономное общеобразовательное учреждение \"Средняя общеобразовательная школа №34 с углубленным изучением отдельных предметов\""]
[111,"Абашева","Екатерина","Алексеевна","ж","2012-02-19","нет",7,7,"17.6",30,null,"нет","Валиева Ирина Владимировна","Муниципальное автономное общеобразовательное учреждение \"Средняя общеобразовательная школа №34 с углубленным изучением отдельных предметов\""]
[112,"Абзалутдинов","Владислав","Юрьевич","М","2012-08-02","нет",7,7,"16.3",30,null,"нет","Валиева Ирина Владимировна","Муниципальное автономное общеобразовательное учреждение \"Средняя общеобразовательная школа №34 с углубленным изучением отдельных предметов\""]
[113,"Агафонова","Ксения","Андреевна","ж","2012-10-06","нет",7,7,"16.3",30,null,"нет","Валиева Ирина Владимировна","Муниципальное автономное общеобразовательное учреждение \"Средняя общеобразовательная школа №34 с углубленным изучением отдельных предметов\""]
[114,"Аглямов","Тимур","Айдарович","М","2012-03-31","нет",7,7,"17.3",30,null,"нет","Валиева Ирина Владимировна","Муниципальное автономное общеобразовательное учреждение \"Средняя общеобразовательная школа №34 с углубленным изучением отдельных предметов\""]
[115,"Асадуллина","Амелия","Рафисовна","ж","2012-05-10","нет",7,7,"20.3",30,null,"нет","Валиева Ирина Владимировна","Муниципальное автономное общеобразовательное учреждение \"Средняя общеобразовательная школа №34 с углубленным изучением отдельных предметов\""]
[116,"Ахметов","Булат","Альбертович","м","2012-08-21","нет",7,7,"14.5",30,null,"нет","Валиева Ирина Владимировна","Муниципальное автономное общеобразовательное учреждение \"Средняя общеобразовательная школа №34 с углубленным изучением отдельных предметов\""]
[117,"Валиев","Айрат","Маратович","м","2011-09-11","нет",7,7,"20.8",30,null,"нет","Валиева Ирина Владимировна","Муниципальное автономное общеобразовательное учреждение \"Средняя общеобразовательная школа №34 с углубленным изучением отдельных предметов\""]
[118,"Варенцова","Аделина","Сергеевна","ж","2012-08-13","нет",7,7,"15.8",30,null,"нет","Валиева Ирина Владимировна","Муниципальное автономное общеобразовательное учреждение \"Средняя общеобразовательная школа №34 с углубленным изучением отдельных предметов\""]
[119,"Веприков","Вадим","Алексанрдович","М","2012-12-22","нет",7,7,"15.5",30,null,"нет","Валиева Ирина Владимировна","Муниципальное автономное общеобразовательное учреждение \"Средняя общеобразовательная школа №34 с углубленным изучением отдельных предметов\""]
[120,"Галиев","Самат","Сиринович","м","2011-11-22","нет",7,7,"18.3",30,null,"нет","Валиева Ирина Владимировна","Муниципальное автономное общеобразовательное учреждение \"Средняя общеобразовательная школа №34 с углубленным изучением отдельных предметов\""]
[121,"Галиханова","Нияра","Вадимовна","Ж","15.07.0212","нет",7,7,"18.8",30,null,"нет","Валиева Ирина Владимировна","Муниципальное автономное общеобразовательное учреждение \"Средняя общеобразовательная школа №34 с углубленным изучением отдельных предметов\""]
[122,"Гильфанова","Сабина","Ильдаровна","ж","2012-09-08","нет",7,7,"18.8",30,null,"нет","Валиева Ирина Владимировна","Муниципальное автономное общеобразовательное учреждение \"Средняя общеобразовательная школа №34 с углубленным изучением отдельных предметов\""]
[123,"Гиматдинов","Надир","Ленарович","м","2011-12-23","нет",7,7,"21.6",30,null,"нет","Валиева Ирина Владимировна","Муниципальное автономное общеобразовательное учреждение \"Средняя общеобразовательная школа №34 с углубленным изучением отдельных предметов\""]
[124,"Голубев","Даниэль","Алексеевич","М","2012-10-17","нет",7,7,"13.0",30,null,"нет","Валиева Ирина Владимировна","Муниципальное автономное общеобразовательное учреждение \"Средняя общеобразовательная школа №34 с углубленным изучением отдельных предметов\""]
[125,"Гольба","Илья","Вячеславович","м","2012-03-01","нет",7,7,"18.8",30,null,"нет","Валиева Ирина Владимировна","Муниципальное автономное общеобразовательное учреждение \"Средняя общеобразовательная школа №34 с углубленным изучением отдельных предметов\""]
[126,"Денисова","Полина","Александрова","Ж","2012-06-02","нет",7,7,"21.8",30,"призер","нет","Валиева Ирина Владимировна","Муниципальное автономное общеобразовательное учреждение \"Средняя общеобразовательная школа №34 с углубленным изучением отдельных предметов\""]
[127,"Еланский","Константин","Романович","м","2012-11-26","нет",7,7,"17.8",30,null,"нет","Валиева Ирина Владимировна","Муниципальное автономное общеобразовательное учреждение \"Средняя общеобразовательная школа №34 с углубленным изучением отдельных предметов\""]
[128,"Исмагилов","Радмир","Ренатович","м","2012-10-27","нет",7,7,"13.5",30,null,"нет","Валиева Ирина Владимировна","Муниципальное автономное общеобразовательное учреждение \"Средняя общеобразовательная школа №34 с углубленным изучением отдельных предметов\""]
[129,"Ишмухаметова","Ангелина","Ильдаровна","ж","2012-09-09","нет",7,7,"14.1",30,null,"нет","Валиева Ирина Владимировна","Муниципальное автономное общеобразовательное учреждение \"Средняя общеобразовательная школа №34 с углубленным изучением отдельных предметов\""]
[130,"Карабут","Алина","Александровна","Ж","2012-09-27","нет",7,7,"19.8",30,null,"нет","Валиева Ирина Владимировна","Муниципальное автономное общеобразовательное учреждение \"Средняя общеобразовательная школа №34 с углубленным изучением отдельных предметов\""]
[131,"Князева","Ева","Евгеньевна","ж","2012-03-27","нет",7,7,"21.8",30,"призер","нет","Валиева Ирина Владимировна","Муниципальное автономное общеобразовательное учреждение \"Средняя общеобразовательная школа №34 с углубленным изучением отдельных предметов\""]
[132,"Козлова","Дарья","Ильинична","Ж","2011-10-31","нет",7,7,"19.3",30,null,"нет","Валиева Ирина Владимировна","Муниципальное автономное общеобразовательное учреждение \"Средняя общеобразовательная школа №34 с углубленным изучением отдельных предметов\""]
[133,"Колбин","Тимур","Павлович","М","2012-11-27","нет",7,7,"14.6",30,null,"нет","Валиева Ирина Владимировна","Муниципальное автономное общеобразовательное учреждение \"Средняя общеобразовательная школа №34 с углубленным изучением отдельных предметов\""]
[134,"Кондратенко","Ирина","Александровна","ж","2012-05-23","нет",7,7,"16.8",30,null,"нет","Валиева Ирина Владимировна","Муниципальное автономное общеобразовательное учреждение \"Средняя общеобразовательная школа №34 с углубленным изучением отдельных предметов\""]
[135,"Копылов","Олег","Евгеньевич","М","2012-09-30","нет",7,7,"17.0",30,null,"нет","Валиева Ирина Владимировна","Муниципальное автономное общеобразовательное учреждение \"Средняя общеобразовательная школа №34 с углубленным изучением отдельных предметов\""]
[136,"Коровина","Дарья","Дмитриевна","Ж","2012-03-17","нет",7,7,"15.0",30,null,"нет","Валиева Ирина Владимировна","Муниципальное автономное общеобразовательное учреждение \"Средняя общеобразовательная школа №34 с углубленным изучением отдельных предметов\""]
[137,"Косарева","Дарья","Сергеевна","ж","2012-07-10","нет",7,7,"17.8",30,null,"нет","Валиева Ирина Владимировна","Муниципальное автономное общеобразовательное учреждение \"Средняя общеобразовательная школа №34 с углубленным изучением отдельных предметов\""]
[138,"Крапивный","Вадим","Александрович","М","2012-01-25","нет",7,7,"13.0",30,null,"нет","Валиева Ирина Владимировна","Муниципальное автономное общеобразовательное учреждение \"Средняя общеобразовательная школа №34 с углубленным изучением отдельных предметов\""]
[139,"Кульшарипов","Камиль","Салаватович","м","2012-06-01","нет",7,7,"16.3",30,null,"нет","Валиева Ирина Владимировна","Муниципальное автономное общеобразовательное учреждение \"Средняя общеобразовательная школа №34 с углубленным изучением отдельных предметов\""]
[140,"Латыпов","Марат","Наилевич","м","2012-04-26","нет",7,7,"19.6",30,null,"нет","Валиева Ирина Владимировна","Муниципальное автономное общеобразовательное учреждение \"Средняя общеобразовательная школа №34 с углубленным изучением отдельных предметов\""]
[141,"Лобанова","Евгения","Александровна","ж","2012-04-29","нет",7,7,"17.1",30,null,"нет","Валиева Ирина Владимировна","Муниципальное автономное общеобразовательное учреждение \"Средняя общеобразовательная школа №34 с углубленным изучением отдельных предметов\""]
[142,"Мингалеев","Камиль","Ильнурович","м","2012-01-21","нет",7,7,"16.5",30,null,"нет","Валиева Ирина Владимировна","Муниципальное автономное общеобразовательное учреждение \"Средняя общеобразовательная школа №34 с углубленным изучением отдельных предметов\""]
[143,"Мифтахова","Асель","Радиковна","Ж","2012-12-17","нет",7,7,"24.1",30,"победитель","нет","Валиева Ирина Владимировна","Муниципальное автономное общеобразовательное учреждение \"Средняя общеобразовательная школа №34 с углубленным изучением отдельных предметов\""]
[144,"Ногманов","Нафис","Илшатович","м","2012-04-25","нет",7,7,"15.3",30,null,"нет","Валиева Ирина Владимировна","Муниципальное автономное общеобразовательное учреждение \"Средняя общеобразовательная школа №34 с углубленным изучением отдельных предметов\""]
[145,"Нурмехаметова","Аделина","Динаровна","Ж","2012-03-17","нет",7,7,"14.5",30,null,"нет","Валиева Ирина Владимировна","Муниципальное автономное общеобразовательное учреждение \"Средняя общеобразовательная школа №34 с углубленным изучением отдельных предметов\""]
[146,"Петрова","Полина","Владиславовна","ж","2012-02-18","нет",7,7,"20.8",30,null,"нет","Валиева Ирина Владимировна","Муниципальное автономное общеобразовательное учреждение \"Средняя общеобразовательная школа №34 с углубленным изучением отдельных предметов\""]
[147,"Пипкин","Ярослав","Андреевич","М","2012-08-06","нет",7,7,"17.3",30,null,"нет","Валиева Ирина Владимировна","Муниципальное автономное общеобразовательное учреждение \"Средняя общеобразовательная школа №34 с углубленным изучением отдельных предметов\""]
[148,"Радько","Ангелина","Михайловна","ж","2012-08-27","нет",7,7,"13.5",30,null,"нет","Валиева Ирина Владимировна","Муниципальное автономное общеобразовательное учреждение \"Средняя общеобразовательная школа №34 с углубленным изучением отдельных предметов\""]
[149,"Савченко","Дмитрий","Александрович","м","2012-03-30","нет",7,7,"13.4",30,null,"нет","Валиева Ирина Владимировна","Муниципальное автономное общеобразовательное учреждение \"Средняя общеобразовательная школа №34 с углубленным изучением отдельных предметов\""]
[150,"Салахова","Диана","Ильдаровна","Ж","2012-07-05","нет",7,7,"17.1",30,null,"нет","Валиева Ирина Владимировна","Муниципальное автономное общеобразовательное учреждение \"Средняя общеобразовательная школа №34 с углубленным изучением отдельных предметов\""]
[151,"Телебаева","Алия","Ренатовна","Ж","2011-12-13","нет",7,7,"19.6",30,null,"нет","Валиева Ирина Владимировна","Муниципальное автономное общеобразовательное учреждение \"Средняя общеобразовательная школа №34 с углубленным изучением отдельных предметов\""]
[152,"Тищенко","Даниил","Андреевич","м","2012-03-23","нет",7,7,"13.9",30,null,"нет","Валиева Ирина Владимировна","Муниципальное автономное общеобразовательное учреждение \"Средняя общеобразовательная школа №34 с углубленным изучением отдельных предметов\""]
[153,"Фаттахова","Сафина","Ленаровна","ж","2012-11-10","нет",7,7,"17.3",30,null,"нет","Валиева Ирина Владимировна","Муниципальное автономное общеобразовательное учреждение \"Средняя общеобразовательная школа №34 с углубленным изучением отдельных предметов\""]
[154,"Хакимов","Камиль","Марселевич","М","2012-08-23","нет",7,7,"15.0",30,null,"нет","Валиева Ирина Владимировна","Муниципальное автономное общеобразовательное учреждение \"Средняя общеобразовательная школа №34 с углубленным изучением отдельных предметов\""]
[155,"Хакимов","Самир","Ильдарович","М","2012-06-18","нет",7,7,"16.8",30,null,"нет","Валиева Ирина Владимировна","Муниципальное автономное общеобразовательное учреждение \"Средняя общеобразовательная школа №34 с углубленным изучением отдельных предметов\""]
[156,"Халафетдинов","Айгиз","Ильнурович","м","2012-08-11","нет",7,7,"19.8",30,null,"нет","Валиева Ирина Владимировна","Муниципальное автономное общеобразовательное учреждение \"Средняя общеобразовательная школа №34 с углубленным изучением отдельных предметов\""]
[157,"Ханмурзина","Сабина","Ринатовна","Ж","2012-12-22","нет",7,7,"20.6",30,null,"нет","Валиева Ирина Владимировна","Муниципальное автономное общеобразовательное учреждение \"Средняя общеобразовательная школа №34 с углубленным изучением отдельных предметов\""]
[158,"Чеснокова","Анна","Денисовна","Ж","2012-12-05","нет",7,7,"17.0",30,null,"нет","Валиева Ирина Владимировна","Муниципальное автономное общеобразовательное учреждение \"Средняя общеобразовательная школа №34 с углубленным изучением отдельных предметов\""]
[159,"Шалаев","Никита","Александрович","м","2012-01-09","нет",7,7,"20.3",30,null,"нет","Валиева Ирина Владимировна","Муниципальное автономное общеобразовательное учреждение \"Средняя общеобразовательная школа №34 с углубленным изучением отдельных предметов\""]
[160,"Ямалеева","Зарина","Ренатовна","Ж","2012-04-22","нет",7,7,"18.8",30,null,"нет","Валиева Ирина Владимировна","Муниципальное автономное общеобразовательное учреждение \"Средняя общеобразовательная школа №34 с углубленным изучением отдельных предметов\""]
[161,"Кузнецова","Эльвина","Сергеевна","Ж","2012-05-21","нет",7,7,"21.3",30,null,"нет","Валиева Ирина Владимировна","Муниципальное автономное общеобразовательное учреждение \"Средняя общеобразовательная школа №34 с углубленным изучением отдельных предметов\""]
[162,"Лотфуллина","Розалина","Рустемовна","Ж","2012-04-17","нет",7,7,"21.1",30,null,"нет","Валиева Ирина Владимировна","Муниципальное автономное общеобразовательное учреждение \"Средняя общеобразовательная школа №34 с углубленным изучением отдельных предметов\""]
[163,"Александрова","Анастасия","Евгеньевна","Ж","2010-12-17","нет",8,8,"20.6",33,null,"нет","Валиева Ирина Владимировна","Муниципальное автономное общеобразовательное учреждение \"Средняя общеобразовательная школа №34 с углубленным изучением отдельных предметов\""]
[164,"Анисифоров","Игорь","Владимирович","М","2011-06-22","нет",8,8,"15.6",33,null,"нет","Валиева Ирина Владимировна","Муниципальное автономное общеобразовательное учреждение \"Средняя общеобразовательная школа №34 с углубленным изучением отдельных предметов\""]
[165,"Ахмадишина","Винера","Расимовна","Ж","2011-06-25","нет",8,8,"16.6",33,null,"нет","Валиева Ирина Владимировна","Муниципальное автономное общеобразовательное учреждение \"Средняя общеобразовательная школа №34 с углубленным изучением отдельных предметов\""]
[166,"Булмасова","Софья","Константиновна","Ж","2011-05-31","нет",8,8,"14.5",33,null,"нет","Валиева Ирина Владимировна","Муниципальное автономное общеобразовательное учреждение \"Средняя общеобразовательная школа №34 с углубленным изучением отдельных предметов\""]
[167,"Васильева","Милана","Рамилевна","Ж","2011-07-05","нет",8,8,"23.6",33,null,"нет","Валиева Ирина Владимировна","Муниципальное автономное общеобразовательное учреждение \"Средняя общеобразовательная школа №34 с углубленным изучением отдельных предметов\""]
[168,"Галеев","Артем","Денисович","М","2011-01-06","нет",8,8,"13.0",33,null,"нет","Валиева Ирина Владимировна","Муниципальное автономное общеобразовательное учреждение \"Средняя общеобразовательная школа №34 с углубленным изучением отдельных предметов\""]
[169,"Гончарова","Виктория","Иванова","Ж","2010-11-22","нет",8,8,"18.0",33,null,"нет","Валиева Ирина Владимировна","Муниципальное автономное общеобразовательное учреждение \"Средняя общеобразовательная школа №34 с углубленным изучением отдельных предметов\""]
[170,"Давлетшина","Диана","Агдасовна","ж","2011-04-26","нет",8,8,"29.3",33,"победитель","нет","Валиева Ирина Владимировна","Муниципальное автономное общеобразовательное учреждение \"Средняя общеобразовательная школа №34 с углубленным изучением отдельных предметов\""]
[171,"Леоненко","Златослава","Александровна","ж","2011-03-22","нет",8,8,"17.3",33,null,"нет","Валиева Ирина Владимировна","Муниципальное автономное общеобразовательное учреждение \"Средняя общеобразовательная школа №34 с углубленным изучением отдельных предметов\""]
[172,"Макаров","Максим","Евгеньевич","м","2011-09-18","нет",8,8,"20.5",33,null,"нет","Валиева Ирина Владимировна","Муниципальное автономное общеобразовательное учреждение \"Средняя общеобразовательная школа №34 с углубленным изучением отдельных предметов\""]
[173,"Мишакина","Илария","Александровна","м","2011-10-27","нет",8,8,"23.8",33,null,"нет","Валиева Ирина Владимировна","Муниципальное автономное общеобразовательное учреждение \"Средняя общеобразовательная школа №34 с углубленным изучением отдельных предметов\""]
[174,"Мохонько","Ксения","Богдановна","Ж","2010-12-13","нет",8,8,"15.6",33,null,"нет","Валиева Ирина Владимировна","Муниципальное автономное общеобразовательное учреждение \"Средняя общеобразовательная школа №34 с углубленным изучением отдельных предметов\""]
[175,"Прохоров","Андрей","Сергеевич","М","2011-06-21","нет",8,8,"26.3",33,null,"нет","Валиева Ирина Владимировна","Муниципальное автономное общеобразовательное учреждение \"Средняя общеобразовательная школа №34 с углубленным изучением отдельных предметов\""]
[176,"Рак","Мария","Антоновна","ж","2011-07-15","нет",8,8,"20.8",33,null,"нет","Валиева Ирина Владимировна","Муниципальное автономное общеобразовательное учреждение \"Средняя общеобразовательная школа №34 с углубленным изучением отдельных предметов\""]
[177,"Ракипова","Милана","Ринатовна","Ж","2011-06-25","нет",8,8,"13.0",33,null,"нет","Валиева Ирина Владимировна","Муниципальное автономное общеобразовательное учреждение \"Средняя общеобразовательная школа №34 с углубленным изучением отдельных предметов\""]
[178,"Садриева","Самира","Динаровна","Ж","2011-01-10","нет",8,8,"13.5",33,null,"нет","Валиева Ирина Владимировна","Муниципальное автономное общеобразовательное учреждение \"Средняя общеобразовательная школа №34 с углубленным изучением отдельных предметов\""]
[179,"Сазонова","Анна","Сергеевна","Ж","2010-12-24","нет",8,8,"13.0",33,null,"нет","Валиева Ирина Владимировна","Муниципальное автономное общеобразовательное учреждение \"Средняя общеобразовательная школа №34 с углубленным изучением отдельных предметов\""]
[180,"Саубанов","Эльман","Русланович","м","2011-05-16","нет",8,8,"21.6",33,null,"нет","Валиева Ирина Владимировна","Муниципальное автономное общеобразовательное учреждение \"Средняя общеобразовательная школа №34 с углубленным изучением отдельных предметов\""]
[181,"Сафин","Данияр","Ильдарович","м","2011-01-17","нет",8,8,"15.3",33,null,"нет","Валиева Ирина Владимировна","Муниципальное автономное общеобразовательное учреждение \"Средняя общеобразовательная школа №34 с углубленным изучением отдельных предметов\""]
[182,"Струнникова","Катерина","Викторовна","ж","2012-02-23","нет",8,8,"19.8",33,null,"нет","Валиева Ирина Владимировна","Муниципальное автономное общеобразовательное учреждение \"Средняя общеобразовательная школа №34 с углубленным изучением отдельных предметов\""]
[183,"Титова","София","Олеговна","Ж","2010-07-03","нет",8,8,"17.3",33,null,"нет","Валиева Ирина Владимировна","Муниципальное автономное общеобразовательное учреждение \"Средняя общеобразовательная школа №34 с углубленным изучением отдельных предметов\""]
[184,"Фарсиева","Лейла","Ленаровна","Ж","2011-02-11","нет",8,8,"25.3",33,null,"нет","Валиева Ирина Владимировна","Муниципальное автономное общеобразовательное учреждение \"Средняя общеобразовательная школа №34 с углубленным изучением отдельных предметов\""]
[185,"Ханнанов","Амир","Дамирович","М","2011-10-24","нет",8,8,"27.6",33,"призер","нет","Валиева Ирина Владимировна","Муниципальное автономное общеобразовательное учреждение \"Средняя общеобразовательная школа №34 с углубленным изучением отдельных предметов\""]
[186,"Куликова","Лиана","Римовна","ж","2011-05-15","нет",8,8,"22.1",33,null,"нет","Валиева Ирина Владимировна","Муниципальное автономное общеобразовательное учреждение \"Средняя общеобразовательная школа №34 с углубленным изучением отдельных предметов\""]
[187,"Хайров","Тимур","Расимович","М","2011-09-05","нет",8,8,"27.6",33,"призер","нет","Валиева Ирина Владимировна","Муниципальное автономное общеобразовательное учреждение \"Средняя общеобразовательная школа №34 с углубленным изучением отдельных предметов\""]
[188,"Аляксин","Матвей","Александрович","м","2010-10-02","нет",9,9,"32.5",56,null,"нет","Гафутдинов Владимир Сергеевич","Муниципальное автономное общеобразовательное учреждение \"Средняя общеобразовательная школа №34 с углубленным изучением отдельных предметов\""]
[189,"Галиев","Радмир","Радикович","М","2010-09-12","нет",9,9,"14.0",56,null,"нет","Гафутдинов Владимир Сергеевич","Муниципальное автономное общеобразовательное учреждение \"Средняя общеобразовательная школа №34 с углубленным изучением отдельных предметов\""]
[190,"Гилмиева","Амина","Ильшатовна","ж","2010-06-16","нет",9,9,"18.1",56,null,"нет","Гафутдинов Владимир Сергеевич","Муниципальное автономное общеобразовательное учреждение \"Средняя общеобразовательная школа №34 с углубленным изучением отдельных предметов\""]
[191,"Даутова","Динара","Ильмировна","ж","2010-05-10","нет",9,9,"26.3",56,null,"нет","Гафутдинов Владимир Сергеевич","Муниципальное автономное общеобразовательное учреждение \"Средняя общеобразовательная школа №34 с углубленным изучением отдельных предметов\""]
[192,"Зимин","Данила","Витальевич","м","2010-07-16","нет",9,9,"22.3",56,null,"нет","Гафутдинов Владимир Сергеевич","Муниципальное автономное общеобразовательное учреждение \"Средняя общеобразовательная школа №34 с углубленным изучением отдельных предметов\""]
[193,"Коренчук","Михаил","Анатольевич","м","2010-08-11","нет",9,9,"26.5",56,null,"нет","Гафутдинов Владимир Сергеевич","Муниципальное автономное общеобразовательное учреждение \"Средняя общеобразовательная школа №34 с углубленным изучением отдельных предметов\""]
[194,"Корнилов","Павел","Романович","м","2010-03-15","нет",9,9,"18.0",56,null,"нет","Гафутдинов Владимир Сергеевич","Муниципальное автономное общеобразовательное учреждение \"Средняя общеобразовательная школа №34 с углубленным изучением отдельных предметов\""]
[195,"Королева","Юлия","Вячеславовна","Ж","2010-11-16","нет",9,9,"19.3",56,null,"нет","Гафутдинов Владимир Сергеевич","Муниципальное автономное общеобразовательное учреждение \"Средняя общеобразовательная школа №34 с углубленным изучением отдельных предметов\""]
[196,"Косова","Полина","Денисовна","ж","2010-06-20","нет",9,9,"19.1",56,null,"нет","Гафутдинов Владимир Сергеевич","Муниципальное автономное общеобразовательное учреждение \"Средняя общеобразовательная школа №34 с углубленным изучением отдельных предметов\""]
[197,"Костромидина","Мария","Дмитриевна","ж","2010-02-18","нет",9,9,"27.5",56,null,"нет","Гафутдинов Владимир Сергеевич","Муниципальное автономное общеобразовательное учреждение \"Средняя общеобразовательная школа №34 с углубленным изучением отдельных предметов\""]
[198,"Костромин","Матвей","Витальевич","м","2010-06-24","нет",9,9,"14.6",56,null,"нет","Гафутдинов Владимир Сергеевич","Муниципальное автономное общеобразовательное учреждение \"Средняя общеобразовательная школа №34 с углубленным изучением отдельных предметов\""]
[199,"Кузнецов","Виталий","Сергеевич","М","2010-01-10","нет",9,9,"16.0",56,null,"нет","Гафутдинов Владимир Сергеевич","Муниципальное автономное общеобразовательное учреждение \"Средняя общеобразовательная школа №34 с углубленным изучением отдельных предметов\""]
[200,"Леманов","Антон","Алексеевич","М","2010-08-05","нет",9,9,"15.5",56,null,"нет","Гафутдинов Владимир Сергеевич","Муниципальное автономное общеобразовательное учреждение \"Средняя общеобразовательная школа №34 с углубленным изучением отдельных предметов\""]
[201,"Матвеев","Эльдар","Эдуардович","м","2010-08-03","нет",9,9,"13.6",56,null,"нет","Гафутдинов Владимир Сергеевич","Муниципальное автономное общеобразовательное учреждение \"Средняя общеобразовательная школа №34 с углубленным изучением отдельных предметов\""]
[202,"Мельников","Кирилл","Сергеевич","М","2010-05-31","нет",9,9,"17.3",56,null,"нет","Гафутдинов Владимир Сергеевич","Муниципальное автономное общеобразовательное учреждение \"Средняя общеобразовательная школа №34 с углубленным изучением отдельных предметов\""]
[203,"Минибаева","Милана","Владиславовна","Ж","2010-04-29","нет",9,9,"17.1",56,null,"нет","Гафутдинов Владимир Сергеевич","Муниципальное автономное общеобразовательное учреждение \"Средняя общеобразовательная школа №34 с углубленным изучением отдельных предметов\""]
[204,"Мирзаханова","Лала","Мехмановна","ж","2010-10-16","нет",9,9,"13.8",56,null,"нет","Гафутдинов Владимир Сергеевич","Муниципальное автономное общеобразовательное учреждение \"Средняя общеобразовательная школа №34 с углубленным изучением отдельных предметов\""]
[205,"Мымрин","Роман","Александрович","м","2010-10-31","нет",9,9,"21.8",56,null,"нет","Гафутдинов Владимир Сергеевич","Муниципальное автономное общеобразовательное учреждение \"Средняя общеобразовательная школа №34 с углубленным изучением отдельных предметов\""]
[206,"Низовцев","Иван","Дмитриевич","м","2010-04-14","нет",9,9,"21.0",56,null,"нет","Гафутдинов Владимир Сергеевич","Муниципальное автономное общеобразовательное учреждение \"Средняя общеобразовательная школа №34 с углубленным изучением отдельных предметов\""]
[207,"Никитин","Иван","Андреевич","М","2010-02-12","нет",9,9,"13.0",56,null,"нет","Гафутдинов Владимир Сергеевич","Муниципальное автономное общеобразовательное учреждение \"Средняя общеобразовательная школа №34 с углубленным изучением отдельных предметов\""]
[208,"Осадчий","Максим","Эдуардович","м","2010-08-26","нет",9,9,"28.1",56,null,"нет","Гафутдинов Владимир Сергеевич","Муниципальное автономное общеобразовательное учреждение \"Средняя общеобразовательная школа №34 с углубленным изучением отдельных предметов\""]
[209,"Портнова","Екатерина","Андрияновна","ж","2009-11-01","нет",9,9,"29.6",56,null,"нет","Гафутдинов Владимир Сергеевич","Муниципальное автономное общеобразовательное учреждение \"Средняя общеобразовательная школа №34 с углубленным изучением отдельных предметов\""]
[210,"Русинов","Тимур","Маратович","м","2010-10-07","нет",9,9,"15.0",56,null,"нет","Гафутдинов Владимир Сергеевич","Муниципальное автономное общеобразовательное учреждение \"Средняя общеобразовательная школа №34 с углубленным изучением отдельных предметов\""]
[211,"Русинова","Анна","Максимовна","Ж","2010-04-14","нет",9,9,"13.8",56,null,"нет","Гафутдинов Владимир Сергеевич","Муниципальное автономное общеобразовательное учреждение \"Средняя общеобразовательная школа №34 с углубленным изучением отдельных предметов\""]
[212,"Садыков","Вильдан","Ильнарович","м","2010-10-06","нет",9,9,"16.8",56,null,"нет","Гафутдинов Владимир Сергеевич","Муниципальное автономное общеобразовательное учреждение \"Средняя общеобразовательная школа №34 с углубленным изучением отдельных предметов\""]
[213,"Сергеев","Станислав","Игоревич","м","2009-12-11","нет",9,9,"13.5",56,null,"нет","Гафутдинов Владимир Сергеевич","Муниципальное автономное общеобразовательное учреждение \"Средняя общеобразовательная школа №34 с углубленным изучением отдельных предметов\""]
[214,"Смирнов","Денис","Дмитриевич","м","2010-06-11","нет",9,9,"14.6",56,null,"нет","Гафутдинов Владимир Сергеевич","Муниципальное автономное общеобразовательное учреждение \"Средняя общеобразовательная школа №34 с углубленным изучением отдельных предметов\""]
[215,"Фатихова","Зарина","Ленаровна","ж","2010-09-29","нет",9,9,"16.1",56,null,"нет","Гафутдинов Владимир Сергеевич","Муниципальное автономное общеобразовательное учреждение \"Средняя общеобразовательная школа №34 с углубленным изучением отдельных предметов\""]
[216,"Хакимова","Александра","Евгеньевна","Ж","2010-07-28","нет",9,9,"21.0",56,null,"нет","Гафутдинов Владимир Сергеевич","Муниципальное автономное общеобразовательное учреждение \"Средняя общеобразовательная школа №34 с углубленным изучением отдельных предметов\""]
[217,"Щепина","Эмилия","Викторовна","Ж","2010-02-24","нет",9,9,"24.6",56,null,"нет","Гафутдинов Владимир Сергеевич","Муниципальное автономное общеобразовательное учреждение \"Средняя общеобразовательная школа №34 с углубленным изучением отдельных предметов\""]
[218,"Нуриманова","Регина","Ильгамовна","ж","2010-01-18","нет",9,9,"19.8",56,null,"нет","Гафутдинов Владимир Сергеевич","Муниципальное автономное общеобразовательное учреждение \"Средняя общеобразовательная школа №34 с углубленным изучением отдельных предметов\""]
[219,"Алтыпов","Марк","Юрьевич","м","2009-05-06","нет",10,10,"18.6",63,null,"нет","Гафутдинов Владимир Сергеевич","Муниципальное автономное общеобразовательное учреждение \"Средняя общеобразовательная школа №34 с углубленным изучением отдельных предметов\""]
[220,"Ахметзянова","Аделия","Ирековна","ж","2009-04-20","нет",10,10,"14.0",63,null,"нет","Гафутдинов Владимир Сергеевич","Муниципальное автономное общеобразовательное учреждение \"Средняя общеобразовательная школа №34 с углубленным изучением отдельных предметов\""]
[221,"Ахунова","Диана","Дамировна","ж","2009-03-28","нет",10,10,"26.3",63,null,"нет","Гафутдинов Владимир Сергеевич","Муниципальное автономное общеобразовательное учреждение \"Средняя общеобразовательная школа №34 с углубленным изучением отдельных предметов\""]
[222,"Баймухаметов","Ансар","Ильнурович","м","2009-01-27","нет",10,10,"13.5",63,null,"нет","Гафутдинов Владимир Сергеевич","Муниципальное автономное общеобразовательное учреждение \"Средняя общеобразовательная школа №34 с углубленным изучением отдельных предметов\""]
[223,"Владимирова","Ралина","Игоревна","ж","2009-03-10","нет",10,10,"23.3",63,null,"нет","Гафутдинов Владимир Сергеевич","Муниципальное автономное общеобразовательное учреждение \"Средняя общеобразовательная школа №34 с углубленным изучением отдельных предметов\""]
[224,"Волкова","Екатерина","Олеговна","ж","2009-06-03","нет",10,10,"33.1",63,null,"нет","Гафутдинов Владимир Сергеевич","Муниципальное автономное общеобразовательное учреждение \"Средняя общеобразовательная школа №34 с углубленным изучением отдельных предметов\""]
[225,"Габдулвалеев","Ильнур","Салимович","м","2008-11-01","нет",10,10,"15.0",63,null,"нет","Гафутдинов Владимир Сергеевич","Муниципальное автономное общеобразовательное учреждение \"Средняя общеобразовательная школа №34 с углубленным изучением отдельных предметов\""]
[226,"Габдулгалиева","Ляйсан","Салаватовна","ж","2009-03-25","нет",10,10,"24.1",63,null,"нет","Гафутдинов Владимир Сергеевич","Муниципальное автономное общеобразовательное учреждение \"Средняя общеобразовательная школа №34 с углубленным изучением отдельных предметов\""]
[227,"Гарифуллин","Камиль","Ленарович","м","2009-09-02","нет",10,10,"16.0",63,null,"нет","Гафутдинов Владимир Сергеевич","Муниципальное автономное общеобразовательное учреждение \"Средняя общеобразовательная школа №34 с углубленным изучением отдельных предметов\""]
[228,"Орлов","Марк","Игоревич","м","2008-11-22","нет",10,10,"23.8",63,null,"нет","Гафутдинов Владимир Сергеевич","Муниципальное автономное общеобразовательное учреждение \"Средняя общеобразовательная школа №34 с углубленным изучением отдельных предметов\""]
[229,"Путилов","Ростислав","Романович","м","2009-09-20","нет",10,10,"16.5",63,null,"нет","Гафутдинов Владимир Сергеевич","Муниципальное автономное общеобразовательное учреждение \"Средняя общеобразовательная школа №34 с углубленным изучением отдельных предметов\""]
[230,"Рогулько","Дарья","Александровна","ж","2009-07-30","нет",10,10,"18.3",63,null,"нет","Гафутдинов Владимир Сергеевич","Муниципальное автономное общеобразовательное учреждение \"Средняя общеобразовательная школа №34 с углубленным изучением отдельных предметов\""]
[231,"Салихов","Данияр","Рамзилевич","м","2009-09-23","нет",10,10,"13.0",63,null,"нет","Гафутдинов Владимир Сергеевич","Муниципальное автономное общеобразовательное учреждение \"Средняя общеобразовательная школа №34 с углубленным изучением отдельных предметов\""]
[232,"Сираев","Ильдар","Русланович","м","2009-09-12","нет",10,10,"13.4",63,null,"нет","Гафутдинов Владимир Сергеевич","Муниципальное автономное общеобразовательное учреждение \"Средняя общеобразовательная школа №34 с углубленным изучением отдельных предметов\""]
[233,"Степанов","Дмитрий","Юрьевич","м","2009-10-17","нет",10,10,"14.8",63,null,"нет","Гафутдинов Владимир Сергеевич","Муниципальное автономное общеобразовательное учреждение \"Средняя общеобразовательная школа №34 с углубленным изучением отдельных предметов\""]
[234,"Трофимов","Михаил","Сергеевич","м","2008-11-18","нет",10,10,"13.0",63,null,"нет","Гафутдинов Владимир Сергеевич","Муниципальное автономное общеобразовательное учреждение \"Средняя общеобразовательная школа №34 с углубленным изучением отдельных предметов\""]
[235,"Шишканов","Артем","Андреевич","м","2009-02-13","нет",10,10,"17.1",63,null,"нет","Гафутдинов Владимир Сергеевич","Муниципальное автономное общеобразовательное учреждение \"Средняя общеобразовательная школа №34 с углубленным изучением отдельных предметов\""]